000 00495nam a22001817a 4500
999 _c29397
_d29396
003 OSt
005 20210125104355.0
008 170615b xxu||||| |||| 00| 0 eng d
020 _a9781111529192
040 _aMMU
_beng
_cMMU
_dMMU
050 _aKF 6369 .C525 2012
245 _aIncome Tax Fundamentals/
_cGerald E. Whittenburg.
260 _aAustralia:
_bSouth-Western Cengage Learning,
_c2012.
300 _axv,
500 _aIncludes index
650 _aIncome tax
942 _2lcc
_cLOAN LOAN